000 00603nam a2200241Ia 4500
003 OSt
005 20220924145922.0
006 a|||||r|||| 00| 0
007 ta
008 220923b |||||||| |||| 00| 0 tel d
020 _c4.00
024 _a330882
037 _cTextual
040 _aARTS
_cARTS
_btel
041 _2tel
_atel
082 _aO31vN7, 35L6
100 _aSarma Radh Krishna
_9220863
245 0 _aTamil sahityacharitra
260 _c1976
650 _aTAMIL LITERATURE
942 _hO31vN7, 35L6
_cTEXL
_2CC
999 _c461621
_d461621